00806nam a2200193 i 450000100060000000300090000600500170001500700030003200800410003510000400007624501800011626000590029630000220035570000500037770000270042785200210045499900170047595201200049289382ES-MaACL20230906180147.0t|050110s1929 fr ||||1| fre d1 aLapidous, Iosif Abramovitch.97015010aPrécis d'économie politique b: l'économie politique et la théorie de l'économie soviétique / cY. Lapidus et K. Ostrovitianov ; traduit du russe par Victor Serge. aParís : bEditions Sociales Internationales, c1929. a468 p. ; c23 cm.1 aOstrovitianov, Konstantin Vasil'evich.9878261 aSerge, Victor.9105542 aES-MaACLjA-3395 c89382d89382 00104070aATENEOMbATENEOMcSPP1d2008-01-17eSCl0oA-3395p1093351r2023-02-23 00:00:00w2023-02-23yMONOGRAFIA